The big bang / (Record no. 3665)

MARC details
000 -LEADER
fixed length control field 01200cam a2200301 a 4500
001 - CONTROL NUMBER
control field 12031941
003 - CONTROL NUMBER IDENTIFIER
control field OSt
005 - DATE AND TIME OF LATEST TRANSACTION
control field 20160420171653.0
008 - FIXED-LENGTH DATA ELEMENTS--GENERAL INFORMATION
fixed length control field 000606s2001 nyua b 001 0 eng
010 ## - LIBRARY OF CONGRESS CONTROL NUMBER
LC control number 00044291
020 ## - INTERNATIONAL STANDARD BOOK NUMBER
International Standard Book Number 0716738783
040 ## - CATALOGING SOURCE
Original cataloging agency DLC
Transcribing agency DLC
Modifying agency DLC
050 00 - LIBRARY OF CONGRESS CALL NUMBER
Classification number QB981
Item number .S55 2001
082 00 - DEWEY DECIMAL CLASSIFICATION NUMBER
Classification number 523.1
Edition number 21
Item number SIL 2001
100 1# - MAIN ENTRY--PERSONAL NAME
Personal name Silk, Joseph,
Dates associated with a name 1942-
9 (RLIN) 8147
245 14 - TITLE STATEMENT
Title The big bang /
Statement of responsibility, etc. Joseph Silk.
250 ## - EDITION STATEMENT
Edition statement 3rd ed.
260 ## - PUBLICATION, DISTRIBUTION, ETC. (IMPRINT)
Place of publication, distribution, etc. New York :
Name of publisher, distributor, etc. W.H. Freeman,
Date of publication, distribution, etc. 2001.
300 ## - PHYSICAL DESCRIPTION
Extent xv, 496 p. :
Other physical details col.ill ;
Dimensions 25 cm.
504 ## - BIBLIOGRAPHY, ETC. NOTE
Bibliography, etc Includes bibliographical references (p. 449-453) and index.
650 #0 - SUBJECT ADDED ENTRY--TOPICAL TERM
Topical term or geographic name as entry element Cosmology.
9 (RLIN) 3606
650 #0 - SUBJECT ADDED ENTRY--TOPICAL TERM
Topical term or geographic name as entry element Big bang theory.
9 (RLIN) 8148
856 42 - ELECTRONIC LOCATION AND ACCESS
Materials specified Contributor biographical information
Uniform Resource Identifier http://www.loc.gov/catdir/enhancements/fy0667/00044291-b.html
856 42 - ELECTRONIC LOCATION AND ACCESS
Materials specified Publisher description
Uniform Resource Identifier http://www.loc.gov/catdir/enhancements/fy0667/00044291-d.html
906 ## - LOCAL DATA ELEMENT F, LDF (RLIN)
a 7
b cbc
c orignew
d 1
e ocip
f 20
g y-gencatlg
942 ## - ADDED ENTRY ELEMENTS (KOHA)
Source of classification or shelving scheme Dewey Decimal Classification
Koha item type Short Loan
Holdings
Withdrawn status Lost status Source of classification or shelving scheme Damaged status Not for loan Home library Current library Date acquired Inventory number Total Checkouts Full call number Barcode Date last seen Price effective from Koha item type Source of acquisition
    Dewey Decimal Classification     MUST Main Library MUST Main Library 20/04/2016 2002/17330   523.1 SIL 2001 2016-1102 20/04/2016 20/04/2016 Short Loan  
    Dewey Decimal Classification     MUST Main Library MUST Main Library 20/04/2016 2002/17331   523.1 SIL 2001 2016-1103 20/04/2016 20/04/2016 Short Loan  
    Dewey Decimal Classification     MUST Main Library MUST Main Library 13/02/2017 07/29086   523.1 SIL 2001 2017-0151 13/02/2017 13/02/2017 Open Shelf  
    Dewey Decimal Classification     MUST Main Library MUST Main Library 13/02/2017 02/17332   523.1 SIL 2001 2017-0152 13/02/2017 13/02/2017 Open Shelf